| 000 | 01203nam0a22002531 4500 | ||
|---|---|---|---|
| 001 | rc\4884245 | ||
| 005 | 20260407143728.0 | ||
| 021 |
_aRU _b[68-7661] |
||
| 035 | _a(NLR Aleph) 008918177 | ||
| 090 |
_a8807129 _c8807129 |
||
| 100 | _a20130426d1968 |||y0rusy50 ca | ||
| 101 | 0 | _arus | |
| 102 | _aRU | ||
| 105 | _ay z ||||| | ||
| 200 | 1 |
_aЭкономика строительства _eКраткие содерж. докладов к XXVI науч. конференции ЛИСИ. 30 янв. - 9 февр. 1968 г. _fМ-во высш. и сред. спец. образования РСФСР. Ленингр. ордена Трудового Красного Знамени инж.-строит. ин-т |
|
| 210 |
_aЛенинград _cБ. и. _d1968 |
||
| 215 |
_a39 с. _d21 |
||
| 606 |
_aСтроительная организация _xЭкономика _jТезисы докладов _2psbo |
||
| 712 | 0 | 2 |
_aЛенинградский инженерно-строительный институт _bНаучная конференция _d26 _f1968 _3RU\NLR\AUTH\8810087147 _9675961 |
| 801 | 0 |
_aRU _bNLR _gpsbo |
|
| 801 | 1 |
_aRU _bELAR _2rusmarc |
|
| 852 |
_aNLR _j68-6/2194 |
||
| 942 | _cBOOK | ||
| 980 | _aNB | ||